00945nam a2200253 i 4500001001000000003000900010005001700019007000300036008004100039040003000080082002400110100003900134245008500173246005300258260002700311264005100338300002800389336002700417337003300444338002800477500007300505651006100578651005200639000004521DO-SdBNP20260128103931.0ta090723s1982 dr 000 0 spa d aDO-SdBNPbspacBNPHUerda 4a320.97293bI43a2221 aInfante, Fernando A.,eautor4aut.10aAquelarre :b4 años de política dominicana 1978-1982 /cFernando A. Infante.13bcuatro años de política dominicana 1978-1982 aSanto Domingo :c1982. 4aSanto Domingo :bEditora Alfa & Omega,c@1982. a212 páginas ;c21 cm. atextobtxt2rdacontent asin mediaciónbn2rdamedia avolumenbnc2rdacarrier aIncluye referencias bibliográficas y notas al pie de las páginas 4aRepública DominicanaxPolítica y gobiernoy1978-1982 7aRepública Dominicana xHistoria y1961-2LEMB